Volcanic stratigraphy of the Quaternary rhyolite plateau in Yellowstone National Park /

Bibliographic Details
Main Authors: Christiansen, Robert L., Blank, H. Richard (Horace Richard), 1929- (Author)
Format: Government Document Book
Language:English
Published: Washington : U.S. G.P.O., 1972.
Series:Geology of Yellowstone National Park.
Geological Survey professional paper ; 729-B.
Subjects:

MARC

Tag First Indicator Second Indicator Subfields
LEADER 00000cam a2200000 a 4500
001 in00002782754
005 20150922150956.0
008 730102s1972 dcua b 000 0 eng
010 |a  72600023  
035 |a (OCoLC)ocm00549119 
035 |a (OCoLC)549119 
040 |a DLC  |b eng  |c DLC  |d BTCTA  |d UBY  |d UtOrBLW 
043 |a n-us-wy 
049 |a TXAM 
050 0 0 |a QE696  |b .C546 
082 0 0 |a 551.7/9 
086 0 |a I 19.16:729-B 
100 1 |a Christiansen, Robert L. 
245 1 0 |a Volcanic stratigraphy of the Quaternary rhyolite plateau in Yellowstone National Park /  |c by Robert L. Christiansen and H. Richard Blank, Jr. 
264 1 |a Washington :  |b U.S. G.P.O.,  |c 1972. 
300 |a v, 18 pages :  |b illustrations ;  |c 29 cm. 
336 |a text  |b txt  |2 rdacontent 
337 |a unmediated  |b n  |2 rdamedia 
338 |a volume  |b nc  |2 rdacarrier 
490 1 |a Geology of Yellowstone National Park 
490 1 |a Geological Survey professional paper ;  |v 729-B 
504 |a Bibliography: page 18. 
650 0 |a Geology, Stratigraphic  |y Quaternary. 
650 0 |a Volcanism  |z Yellowstone National Park. 
700 1 |a Blank, H. Richard  |q (Horace Richard),  |d 1929-  |e author. 
830 0 |a Geology of Yellowstone National Park. 
830 0 |a Geological Survey professional paper ;  |v 729-B. 
948 |a cataloged  |b h  |c 2012/11/27  |d c  |e mvaldespin  |f 11:52:56 am 
994 |a C0  |b TXA 
999 |a MARS 
999 f f |s 301ebb77-422c-39a8-82f2-c58495cc62f6  |i 3adee992-cd32-303a-8573-6af620b3e312  |t 0 
952 f f |p normal  |a Texas A&M University  |b College Station  |c Sterling C. Evans Library  |d Evans: US Documents (Annex 5th floor)  |t 0  |e I 19.16:729-B  |h Superintendent of Documents classification  |i unmediated -- volume  |m A14839375633 
998 f f |a I 19.16:729-B  |t 0  |l Evans: US Documents (Annex 5th floor)